ਪੰਜਾਬੀ ਵਿਆਕਰਣ ਤੇ ਰਚਨਾਵਲੀ (Record no. 1464797)

MARC details
000 -LEADER
fixed length control field 00961 a2200241 4500
005 - DATE AND TIME OF LATEST TRANSACTION
control field 20251120143017.0
008 - FIXED-LENGTH DATA ELEMENTS--GENERAL INFORMATION
fixed length control field 251120b |||||||| |||| 00| 0 eng d
020 ## - INTERNATIONAL STANDARD BOOK NUMBER
International Standard Book Number 8187476176 (pbk)
037 ## - SOURCE OF ACQUISITION
Terms of availability TB
040 ## - CATALOGING SOURCE
Original cataloging agency CRL
Transcribing agency CRL
041 ## - LANGUAGE CODE
Source of code pun
Language code of text/sound track or separate title pun
084 ## - COLON CLASSIFICATION NUMBER
Classification number P153:3 Q1
Assigning agency CRL
100 ## - MAIN ENTRY--PERSONAL NAME
Personal name ਦੁਗਗਲ, ਨਰਿੰਦੇਰ ਸਿੰਘ / Duggal, Narinder Singh
9 (RLIN) 848509
240 ## - UNIFORM TITLE
Uniform title Punjabi Vyakaran te Rachnavli
245 ## - TITLE STATEMENT
Title ਪੰਜਾਬੀ ਵਿਆਕਰਣ ਤੇ ਰਚਨਾਵਲੀ
260 ## - PUBLICATION, DISTRIBUTION, ETC.
Place of publication, distribution, etc. Jalandhar, India:
Name of publisher, distributor, etc. New Book Company;
Date of publication, distribution, etc. 2025.
300 ## - PHYSICAL DESCRIPTION
Extent 464p.
365 ## - TRADE PRICE
Price amount 475.00
Currency code INR
650 ## - SUBJECT ADDED ENTRY--TOPICAL TERM
Source of heading or term ਪੰਜਾਬੀ ਭਾਸ਼ਾ
650 ## - SUBJECT ADDED ENTRY--TOPICAL TERM
Source of heading or term ਪੰਜਾਬੀ ਵਿਆਕਰਣ
942 ## - ADDED ENTRY ELEMENTS (KOHA)
Koha item type Textbook
Source of classification or shelving scheme Colon Classification (CC)
Suppress in OPAC No
Classification part P153:3 Q1
Holdings
Withdrawn status Lost status Source of classification or shelving scheme Damaged status Not for loan Home library Current library Date acquired Source of acquisition Cost, normal purchase price Inventory number Total Checkouts Full call number Barcode Date last seen Cost, replacement price Price effective from Koha item type
    Colon Classification (CC)     Central Library Central Library 2025-10-30 H.K. Prakashan 380.00 1868/ 24-10-2025   P153:3 Q1 CL1924360 2025-10-30 475.00 2025-10-30 Textbook
    Colon Classification (CC)     Central Library Central Library 2025-10-30 H.K. Prakashan 380.00 1868/ 24-10-2025   P153:3 Q1 CL1924361 2025-10-30 475.00 2025-10-30 Textbook
    Colon Classification (CC)     Central Library Central Library 2025-10-30 H.K. Prakashan 380.00 1868/ 24-10-2025   P153:3 R4 CL1924362 2025-10-30 475.00 2025-10-30 Textbook
    Colon Classification (CC)     Central Library Central Library 2025-10-30 H.K. Prakashan 380.00 1868/ 24-10-2025   P153:3 Q1 CL1924363 2025-10-30 475.00 2025-10-30 Textbook
    Colon Classification (CC)     Central Library Central Library 2025-10-30 33 380.00 1868/ 24-10-2025   P153:3 Q1 CL1924364 2025-10-30 475.00 2025-10-30 Textbook
Copyright @ Delhi University Library System